Loading...
Life chemistry moleculaRbiology
| Main Author: | |
|---|---|
| Format: | Printed Book |
| Language: | Undetermined |
| Published: |
London :
Portland Press Ltd.,
1999
|
| Subjects: |
| LEADER | 00483nam a2200145Ia 4500 | ||
|---|---|---|---|
| 008 | 200122s9999||||xx |||||||||||||| ||und|| | ||
| 080 | |a R574.88 |b WOO-L | ||
| 100 | |a Wood, E J, et al. | ||
| 245 | 0 | |a Life chemistry moleculaRbiology | |
| 260 | |a London : |b Portland Press Ltd., |c 1999 | ||
| 300 | |a 224 p. | ||
| 650 | |a MoleculaRbiology | ||
| 942 | |c REF | ||
| 999 | |c 260901 |d 260901 | ||
| 952 | |0 0 |1 0 |4 0 |6 R_574_880000000000000_WOOL |7 0 |9 277112 |a BCH |b BCH |l 0 |o R574.88 WOO-L |p BCH2008 |r 2020-01-24 |w 2020-01-24 |y REF | ||